000
00219 a2200097 4500
001
13509
100
_a
Kintner W.R
245
_a
The new frontier of war
260
_a
Chicago
_b
Henry regnery co
_c
090
_c
10513
_d
10513
942
_a
NUST-CAE
_c
M
_c
574
999
_c
248582
_d
248582